| 000 | 00753cam a2200241 4500 | ||
|---|---|---|---|
| 001 | J1238 | ||
| 008 | 090401t1992 xxu||||| |||| 00| 0 eng d | ||
| 035 | _a(Sirsi) u42441 | ||
| 041 | _aeng | ||
| 110 |
_aEurope _bEuropean Communities Council _92364 |
||
| 245 | _aCommission Regulation (EEC) No. 3813/92 of 28 December 1992 on the unit of account and the conversion rates to be applied for the purposes of the common agricultural policy. | ||
| 260 | _c1992 | ||
| 300 | _a(6)p. ; 30cm. | ||
| 350 | _a0 | ||
| 490 |
_aRegulation (EEC) _v3813/92 |
||
| 650 | _aCOMMON AGRICULTURAL POLICY | ||
| 650 | _aEC REGULATIONS | ||
| 650 | _aGREEN POUND | ||
| 650 | _aUNIT OF ACCOUNT | ||
| 690 | _aEUROPE-SINGLE MARKET | ||
| 942 | _n0 | ||
| 948 | _c04/03/1997 | ||
| 999 |
_c91119 _d91119 |
||